书目信息 |
| 题名: |
两汉魏晋南北朝与西域关系史研究
|
|
| 作者: | 余太山 著 | |
| 分册: | ||
| 出版信息: | 北京 商务印书馆 2011.09 |
|
| 页数: | 475页 | |
| 开本: | 21cm | |
| 丛书名: | ||
| 单 册: | ||
| 中图分类: | D691.72 , K294.5 | |
| 科图分类: | ||
| 主题词: | 民族关系--研究--中国--汉代 , 民族关系--研究--中国--魏晋南北朝时代 , 民族关系 , 地方史 | |
| 电子资源: | ||
| ISBN: | 978-7-100-08357-7 | |
| 000 | 01081nam0 2200313 450 | |
| 001 | 005498633 | |
| 005 | 20130427082103.03 | |
| 010 | @a978-7-100-08357-7@dCNY42.00 | |
| 100 | @a20111201d2011 em y0chiy0110 ea | |
| 101 | 0 | @achi |
| 102 | @aCN@b110000 | |
| 105 | @ay z 001yy | |
| 106 | @ar | |
| 200 | 1 | @a两汉魏晋南北朝与西域关系史研究@9liang han wei jin nan bei chao yu xi yu guan xi shi yan jiu@f余太山著 |
| 210 | @a北京@c商务印书馆@d2011.09 | |
| 215 | @a475页@d21cm | |
| 330 | @a本书讲述两汉魏晋南北朝与西域的关系史,主要内容包括:两汉与西域;东汉与西域;曹魏、西晋与西域;前涼与西域;前秦、后涼与西域;西涼、北涼与西域;北魏、西魏、北周与西域等。 | |
| 606 | 0 | @a民族关系@x研究@y中国@z汉代 |
| 606 | 0 | @a民族关系@x研究@y中国@z魏晋南北朝时代 |
| 606 | 0 | @a民族关系 |
| 606 | 0 | @a地方史 |
| 607 | @a西域@x地方史@x研究@z汉代 | |
| 607 | @a西域@x地方史@x研究@z魏晋南北朝时代 | |
| 607 | @a西域 | |
| 690 | @aD691.72@v4 | |
| 690 | @aK294.5@v4 | |
| 701 | 0 | @a余太山@9yu tai shan@f(1945.7~)@4著 |
| 801 | 0 | @aCN@bNLC@c20120116 |
| 905 | @b542221-25@dD691.72@e194@f5 | |
| 两汉魏晋南北朝与西域关系史研究/余太山著.-北京:商务印书馆,2011.09 |
| 475页;21cm |
| ISBN 978-7-100-08357-7:CNY42.00 |
| 本书讲述两汉魏晋南北朝与西域的关系史,主要内容包括:两汉与西域;东汉与西域;曹魏、西晋与西域;前涼与西域;前秦、后涼与西域;西涼、北涼与西域;北魏、西魏、北周与西域等。 |
| ● |
| 相关链接 |
|
|
|
|
正题名:两汉魏晋南北朝与西域关系史研究
索取号:D691.72/194
 
预约/预借
| 序号 | 登录号 | 条形码 | 馆藏地/架位号 | 状态 | 备注 |
| 1 | 542221 | 205422210 | 第一样本阅览室/ [索取号:D691.72/194] | 在馆 | |
| 2 | 542222 | 205422229 | 第一借阅区/ [索取号:D691.72/194] | 在馆 | |
| 3 | 542223 | 205422238 | 第一借阅区/ [索取号:D691.72/194] | 在馆 | |
| 4 | 542224 | 205422247 | 第一借阅区/ [索取号:D691.72/194] | 在馆 | |
| 5 | 542225 | 205422256 | 第一借阅区/ [索取号:D691.72/194] | 在馆 |